[Event "Olimpiade 2014 - Open"]
[Site "Tromsø"]
[Date "10.08.2014"]
[Round "8.21"]
[Board "3"]
[White "Pantsulaia, Levan"]
[Black "Khusnutdinov, Rustam"]
[Result "1-0"]
[WhiteTitle "GM"]
[BlackTitle "GM"]
[WhiteElo "2581"]
[BlackElo "2470"]
[WhiteTeam "Georgia"]
[BlackTeam "Kazakhstan"]
[WhiteFideId "13602071"]
[BlackFideId "13701703"]
[EventDate "2014.08.02"]

1. Nf3 c5 2. c4 Nf6 3. g3 g6 4. Bg2 Bg7 5. d4 cxd4 6. Nxd4 O-O 7. Nc3 Nc6 8. O-O
Qa5 9. Nb3 Qh5 10. Nd5 d6 11. h3 g5 12. e4 g4 13. Nf4 Qe5 14. hxg4 Bxg4 15. f3
Bd7 16. g4 h5 17. Nd3 Qg3 18. Be3 Qh4 19. g5 Nh7 20. f4 e5 21. Qd2 exf4 22. Bxf4
Be6 23. Rac1 Ne5 24. Nd4 Nxd3 25. Qxd3 Nxg5 26. Nf5 Bxf5 27. exf5 Be5 28. Qe3 f6
29. c5 Rac8 30. Rc4 Kh7 31. Rfc1 d5 32. Rb4 b6 33. c6 a5 34. Bxe5 Qxb4 35. Bxf6
Rxf6 36. Qxg5 Qd4+ 37. Kh1 Rcxc6 38. Re1 Rf7 39. Re6 Rxe6 40. fxe6 Rg7 41. Qxh5+
Kg8 42. e7 Rxe7 43. Bxd5+ Kf8 44. Qf5+ Kg7 45. Qg5+ Kh7 46. Qxe7+ Kh6 47. Be4
Qxb2 48. Qh7+ Kg5 49. Qf5+ Kh4 50. Qf4+ Kh5 51. Qh2+ Qxh2+ 52. Kxh2 1-0

[Event "Olimpiade 2014 - Open"]
[Site "Tromsø"]
[Date "10.08.2014"]
[Round "8.21"]
[Board "4"]
[White "Aitbayev, Aslan"]
[Black "Shanava, Konstantine"]
[Result "1-0"]
[WhiteTitle "IM"]
[BlackTitle "GM"]
[WhiteElo "2425"]
[BlackElo "2563"]
[WhiteTeam "Kazakhstan"]
[BlackTeam "Georgia"]
[WhiteFideId "13704613"]
[BlackFideId "13601784"]
[EventDate "2014.08.02"]

1. e4 g6 2. d4 Bg7 3. Nc3 d6 4. Nf3 c6 5. Be2 Nd7 6. O-O Qc7 7. a4 Ngf6 8. Be3
O-O 9. Nd2 e5 10. dxe5 Nxe5 11. h3 Re8 12. a5 d5 13. exd5 Nxd5 14. Nxd5 cxd5 15.
Bd4 Ng4 16. Bxg4 Bxd4 17. c3 Bg7 18. Bxc8 Raxc8 19. Nf3 Qc5 20. Qd3 a6 21. Rfd1
Rcd8 22. Ra4 Bf6 23. Rd2 Re6 24. g3 Rd7 25. Kg2 Qc6 26. Rb4 Qc7 27. Ra4 Kg7 28.
h4 h5 29. Rd1 Qd8 30. Rd2 Qe7 31. Nd4 Re4 32. Nc6 Rxa4 33. Nxe7 Bxe7 34. Re2
Rxa5 35. Rxe7 Rxe7 36. Qd4+ Kg8 37. Qb4 Rb5 38. Qxe7 Rxb2 39. c4 Rd2 40. Qe8+
Kg7 41. Qe5+ 1-0

[Event "Olimpiade 2014 - Open"]
[Site "Tromsø"]
[Date "10.08.2014"]
[Round "8.22"]
[Board "1"]
[White "Ragger, Markus"]
[Black "Granda Zuniga, Julio E"]
[Result "0-1"]
[WhiteTitle "GM"]
[BlackTitle "GM"]
[WhiteElo "2644"]
[BlackElo "2663"]
[WhiteTeam "Austria"]
[BlackTeam "Peru"]
[WhiteFideId "1610856"]
[BlackFideId "3800024"]
[EventDate "2014.08.02"]

1. d4 e6 2. c4 Bb4+ 3. Nd2 d5 4. Qa4+ Nc6 5. Nf3 dxc4 6. a3 Bxd2+ 7. Bxd2 Qd5 8.
Qc2 Nxd4 9. Nxd4 Qxd4 10. e3 Qd5 11. Bxc4 Qxg2 12. O-O-O Qc6 13. Bc3 Nf6 14.
Rhg1 Bd7 15. Rxg7 Ne4 16. Be5 Nd6 17. Rg4 Rf8 18. Rgd4 O-O-O 19. Bxd6 cxd6 20.
Rxd6 Qc7 21. R1d2 h6 22. e4 Bc6 23. e5 Rxd6 24. exd6 Qa5 25. Kb1 Kb8 26. Rd4 Rd8
27. f4 Qc5 28. Qd2 Bd5 29. Bxd5 Qxd6 30. f5 exd5 31. Rh4 Qf6 32. Qf4+ Rd6 33.
Rg4 a6 34. Kc2 Kc7 35. Rg3 Kd7 36. Rb3 Rb6 37. Rc3 Rc6 38. Kd3 Qd6 39. Qh4 Qe5
40. Qh5 Rf6 41. Rb3 b5 42. a4 Rxf5 43. Qg4 h5 44. Qh3 Kd6 45. Qe3 d4 46. Qxd4+
Qxd4+ 47. Kxd4 Rf4+ 48. Ke3 Rxa4 49. Kf3 Kc6 50. Kg3 a5 51. Rf3 Rb4 52. b3 Kd5
53. Kg2 Ke4 54. Rh3 f5 55. Kf2 f4 56. Ke2 a4 57. bxa4 f3+ 58. Kd2 Rd4+ 0-1

[Event "Olimpiade 2014 - Open"]
[Site "Tromsø"]
[Date "10.08.2014"]
[Round "8.22"]
[Board "2"]
[White "Cordova, Emilio"]
[Black "Shengelia, David"]
[Result "1/2-1/2"]
[WhiteTitle "GM"]
[BlackTitle "GM"]
[WhiteElo "2629"]
[BlackElo "2556"]
[WhiteTeam "Peru"]
[BlackTeam "Austria"]
[WhiteFideId "3801497"]
[BlackFideId "13601270"]
[EventDate "2014.08.02"]

1. Nf3 d5 2. c4 e6 3. g3 dxc4 4. Qa4+ Bd7 5. Qxc4 c5 6. Bg2 Bc6 7. O-O Nf6 8.
Rd1 Nbd7 9. Qc2 Rc8 10. Nc3 b5 11. d3 Be7 12. a4 b4 13. Nb1 c4 14. dxc4 Be4 15.
Rd3 O-O 16. Nbd2 Bxd3 17. exd3 e5 18. b3 Bc5 19. Bb2 Qb6 20. Rf1 Rfe8 21. h4
Rcd8 22. Bh3 Qd6 23. Kg2 Nb8 24. Bf5 Nc6 25. Ne4 Nxe4 26. Bxe4 g6 27. Bd5 Nd4
28. Bxd4 Bxd4 29. Ng5 Re7 30. f4 Qc7 31. Qd1 h6 32. Ne4 exf4 33. gxf4 Kh8 34. h5
f5 35. Ng3 Rd6 36. Kh2 Rg7 37. hxg6 Rdxg6 38. Nxf5 Rg4 39. Kh3 Qd7 40. Qxg4 Rxg4
41. Kxg4 h5+ 42. Kg5 Bb6 43. Nh6 Bd8+ 44. Kg6 Qh7+ 45. Kxh5 Qxd3 46. Rf3 Qc2 47.
Nf7+ Kg7 48. Rg3+ Kf6 49. Nxd8 Qf5+ 50. Kh4 Qxf4+ 51. Kh3 Qh6+ 52. Kg4 Qg6+ 53.
Kf3 Qd3+ 54. Kg2 Qe2+ 55. Kg1 Qd1+ 56. Kh2 Qh5+ 57. Rh3 Qe5+ 58. Rg3 Qh5+ 59.
Kg1 Qd1+ 60. Kf2 Qd2+ 61. Kf3 Qd3+ 62. Kf4 Qd4+ 63. Kf3 1/2-1/2

[Event "Olimpiade 2014 - Open"]
[Site "Tromsø"]
[Date "10.08.2014"]
[Round "8.22"]
[Board "3"]
[White "Kreisl, Robert"]
[Black "Cori, Jorge"]
[Result "1/2-1/2"]
[WhiteTitle "IM"]
[BlackTitle "GM"]
[WhiteElo "2432"]
[BlackElo "2630"]
[WhiteTeam "Austria"]
[BlackTeam "Peru"]
[WhiteFideId "1613880"]
[BlackFideId "3802272"]
[EventDate "2014.08.02"]

1. Nf3 d5 2. d4 c6 3. c4 Nf6 4. Nc3 a6 5. e3 b5 6. b3 Bg4 7. Be2 e6 8. h3 Bxf3
9. Bxf3 Nbd7 10. cxd5 cxd5 11. Bb2 Bd6 12. O-O O-O 13. Qd3 Qe7 14. a4 b4 15. Ne2
Qd8 16. Rac1 Qb6 17. Rc2 Qb7 18. Rfc1 Rfc8 19. g3 Nb6 20. Bg2 Rxc2 21. Rxc2 Rc8
22. Bf1 Nbd7 23. Nc1 Nb8 24. Kg2 Ne4 25. Ne2 Rc7 26. f3 Nf6 27. Bc1 Qc8 28. Rxc7
Qxc7 29. Bd2 Nfd7 30. Be1 g6 31. Qd2 a5 32. Nc1 Nc6 33. Bb5 Ne7 34. Nd3 f6 35.
g4 Nb6 36. Qc1 Qxc1 37. Nxc1 Kf7 38. Nd3 g5 39. Bg3 Bxg3 40. Kxg3 Nec8 41. Nc5
Nd6 42. Bd3 h6 43. h4 Ke7 44. hxg5 1/2-1/2

[Event "Olimpiade 2014 - Open"]
[Site "Tromsø"]
[Date "10.08.2014"]
[Round "8.22"]
[Board "4"]
[White "Cruz, Cristhian"]
[Black "Schreiner, Peter"]
[Result "1-0"]
[WhiteTitle "GM"]
[BlackTitle "IM"]
[WhiteElo "2553"]
[BlackElo "2460"]
[WhiteTeam "Peru"]
[BlackTeam "Austria"]
[WhiteFideId "3801969"]
[BlackFideId "1621645"]
[EventDate "2014.08.02"]

1. c4 g6 2. g3 c5 3. Bg2 Bg7 4. Nc3 Nc6 5. a3 a6 6. Rb1 Rb8 7. b4 cxb4 8. axb4
b5 9. cxb5 axb5 10. Nf3 d5 11. d4 Bf5 12. Rb3 Be4 13. Nxe4 dxe4 14. Ng5 Nxd4 15.
Bb2 Bf6 16. Bxd4 Qxd4 17. Qxd4 Bxd4 18. e3 Be5 19. Nxe4 Nf6 20. Nc5 O-O 21. Ke2
Rfc8 22. Rc1 Ne8 23. f4 Bg7 24. Rd1 Nd6 25. Bh3 Rd8 26. Rbd3 Ra8 27. e4 Ra2+ 28.
Kf1 Rf8 29. e5 Nc4 30. Kg1 Nb2 31. R3d2 Rfa8 32. Rd8+ Bf8 33. Bg2 Ra1 34. Rxa8
Rxd1+ 35. Kf2 Rd2+ 36. Kf3 Nd1 37. Bh3 Rf2+ 38. Ke4 Rxh2 39. Bf1 Rd2 40. Bxb5
Kg7 41. Nd7 Nc3+ 42. Ke3 Ra2 43. Bc6 Rxa8 44. Bxa8 e6 45. Nxf8 Kxf8 46. Bc6 Ke7
47. Kd3 Nd1 48. b5 Nf2+ 49. Kd4 Kd8 50. Bf3 g5 51. Ke3 Nh3 52. Bg4 gxf4+ 53.
gxf4 1-0

[Event "Olimpiade 2014 - Open"]
[Site "Tromsø"]
[Date "10.08.2014"]
[Round "8.23"]
[Board "1"]
[White "Esen, Baris"]
[Black "Matamoros Franco, Carlos S."]
[Result "1/2-1/2"]
[WhiteTitle "GM"]
[BlackTitle "GM"]
[WhiteElo "2589"]
[BlackElo "2525"]
[WhiteTeam "Turkey"]
[BlackTeam "Ecuador"]
[WhiteFideId "6302114"]
[BlackFideId "3600017"]
[EventDate "2014.08.02"]

1. d4 e6 2. c4 Bb4+ 3. Bd2 Bxd2+ 4. Qxd2 Nf6 5. Nf3 d5 6. g3 c6 7. Bg2 Nbd7 8.
O-O b6 9. Ne5 Bb7 10. Nc3 O-O 11. Rac1 Qe7 12. cxd5 cxd5 13. Nb5 a6 14. Rc7 Rfb8
15. Nxd7 Nxd7 16. Na3 Qd6 17. Rc2 Rc8 18. Rfc1 h6 19. Nb1 Rxc2 20. Rxc2 Rc8 21.
e3 Nf6 22. Bf1 Ne4 23. Rxc8+ Bxc8 24. Qc2 Qd8 25. Bd3 Nd6 26. Nc3 a5 27. Nb5
Nxb5 28. Bxb5 Bd7 29. Qa4 Bxb5 30. Qxb5 Qc7 31. Kg2 g6 32. a3 Qc2 33. Qxb6 Qe4+
34. Kf1 Qb1+ 35. Ke2 Qc2+ 36. Ke1 Qc1+ 37. Ke2 1/2-1/2

[Event "Olimpiade 2014 - Open"]
[Site "Tromsø"]
[Date "10.08.2014"]
[Round "8.23"]
[Board "2"]
[White "Guerra Tulcan, Lenin"]
[Black "Can, Emre"]
[Result "0-1"]
[WhiteTitle "FM"]
[BlackTitle "GM"]
[WhiteElo "2374"]
[BlackElo "2529"]
[WhiteTeam "Ecuador"]
[BlackTeam "Turkey"]
[WhiteFideId "3601382"]
[BlackFideId "6302181"]
[EventDate "2014.08.02"]

1. e4 c5 2. Nf3 d6 3. Bb5+ Nd7 4. O-O a6 5. Be2 Ngf6 6. Nc3 b5 7. d3 e6 8. Re1
Be7 9. a4 b4 10. Nb1 O-O 11. Nbd2 Qc7 12. Bf1 Re8 13. h3 a5 14. c4 bxc3 15. bxc3
Nb6 16. c4 Bd7 17. Nb1 Bc6 18. Nc3 Nfd7 19. Bg5 Bxg5 20. Nxg5 Nb8 21. Nb5 Qe7
22. Nf3 Na6 23. d4 Nb4 24. dxc5 dxc5 25. Ne5 Red8 26. Qb3 Bb7 27. Nd3 Bc6 28.
Ne5 Qg5 29. Nxc6 Nxc6 30. Nc7 Rab8 31. Na6 Nd4 32. Qc3 Rbc8 33. Kh1 Nd7 34. e5
Rc6 35. Qxa5 Ra8 36. f4 Qe7 0-1

[Event "Olimpiade 2014 - Open"]
[Site "Tromsø"]
[Date "10.08.2014"]
[Round "8.23"]
[Board "3"]
[White "Yilmaz, Mustafa"]
[Black "Mieles Palau, Daniel"]
[Result "1-0"]
[WhiteTitle "GM"]
[BlackTitle "IM"]
[WhiteElo "2569"]
[BlackElo "2374"]
[WhiteTeam "Turkey"]
[BlackTeam "Ecuador"]
[WhiteFideId "6302718"]
[BlackFideId "3600467"]
[EventDate "2014.08.02"]

1. d4 Nf6 2. c4 e6 3. Nf3 d5 4. Nc3 Be7 5. Bg5 Nbd7 6. e3 O-O 7. Rc1 b6 8. cxd5
exd5 9. Qa4 Bb7 10. Ba6 Bxa6 11. Qxa6 c6 12. O-O Bd6 13. e4 dxe4 14. Nxe4 Qc7
15. Nxf6+ Nxf6 16. Bxf6 gxf6 17. Qa4 b5 18. Qc2 Rac8 19. Qf5 Rce8 20. Rc3 b4 21.
Rc4 Qc8 22. Qxc8 Rxc8 23. Rfc1 Rfe8 24. Rxc6 Rxc6 25. Rxc6 Bf8 26. Kf1 a5 27.
Nh4 h5 28. Nf5 Rd8 29. Ke2 a4 30. Kd3 1-0

[Event "Olimpiade 2014 - Open"]
[Site "Tromsø"]
[Date "10.08.2014"]
[Round "8.23"]
[Board "4"]
[White "Santos Flores, Alberto"]
[Black "Ipatov, Alexander"]
[Result "1/2-1/2"]
[WhiteTitle "IM"]
[BlackTitle "GM"]
[WhiteElo "2291"]
[BlackElo "2614"]
[WhiteTeam "Ecuador"]
[BlackTeam "Turkey"]
[WhiteFideId "3601234"]
[BlackFideId "14116731"]
[EventDate "2014.08.02"]

1. e4 g6 2. d4 Nf6 3. e5 Nh5 4. Nf3 d6 5. Bc4 d5 6. Be2 Bg4 7. h3 Bxf3 8. Bxf3
e6 9. Bxh5 gxh5 10. Qxh5 c5 11. dxc5 Nc6 12. O-O Qc7 13. Be3 Rg8 14. f4 Ne7 15.
Nc3 Qc6 16. Bd4 Nf5 17. Ne2 Bxc5 18. c3 Qb6 19. Bxc5 Qxc5+ 20. Rf2 Rc8 21. Rd1
Ne3 22. Rd4 Nf5 23. Rd1 Ne3 24. Rd4 Nf5 25. Rd1 1/2-1/2

[Event "Olimpiade 2014 - Open"]
[Site "Tromsø"]
[Date "10.08.2014"]
[Round "8.24"]
[Board "1"]
[White "Vasquez Schroeder, Rodrigo"]
[Black "Al-Modiahki, Mohamad"]
[Result "0-1"]
[WhiteTitle "GM"]
[BlackTitle "GM"]
[WhiteElo "2533"]
[BlackElo "2549"]
[WhiteTeam "Chile"]
[BlackTeam "Qatar"]
[WhiteFideId "3400042"]
[BlackFideId "12100030"]
[EventDate "2014.08.02"]

1. d4 Nf6 2. c4 g6 3. g3 Bg7 4. Bg2 O-O 5. Nc3 d6 6. Nf3 Nc6 7. O-O a6 8. d5 Na5
9. Nd2 c5 10. Qc2 Rb8 11. a4 e6 12. b3 Re8 13. Bb2 e5 14. e4 h5 15. Nf3 Bd7 16.
Ra2 Nh7 17. Kh1 Rf8 18. Ne2 g5 19. Nd2 g4 20. f4 gxf3 21. Rxf3 Bh6 22. Bc3 Bg4
23. Ra1 b6 24. Raf1 Bxf3 25. Nxf3 b5 26. cxb5 axb5 27. Nh4 b4 28. Bb2 Re8 29.
Bf3 c4 30. Bxh5 Nf6 31. Nf5 Bf8 32. Bf3 cxb3 33. Qd3 Nb7 34. Qxb3 Nc5 35. Qe3
Nh7 36. h4 Nxa4 37. Bc1 b3 38. Bh5 Rb7 39. Ba3 b2 40. Rb1 Qb6 41. Qf3 Kh8 42.
Nc3 Nxc3 43. Qxc3 Qb3 44. Qc6 Qd3 45. Rxb2 Rxb2 46. Bxb2 Qxe4+ 0-1

[Event "Olimpiade 2014 - Open"]
[Site "Tromsø"]
[Date "10.08.2014"]
[Round "8.24"]
[Board "2"]
[White "Al-Sayed, Mohammed"]
[Black "Flores Rios, Mauricio"]
[Result "1/2-1/2"]
[WhiteTitle "GM"]
[BlackTitle "GM"]
[WhiteElo "2505"]
[BlackElo "2537"]
[WhiteTeam "Qatar"]
[BlackTeam "Chile"]
[WhiteFideId "12100196"]
[BlackFideId "3408027"]
[EventDate "2014.08.02"]

1. d4 Nf6 2. c4 g6 3. Nc3 d5 4. cxd5 Nxd5 5. Bd2 Bg7 6. e4 Nxc3 7. Bxc3 O-O 8.
Qd2 c5 9. d5 e6 10. Bc4 Bxc3 11. bxc3 b5 12. Bxb5 exd5 13. exd5 Bb7 14. Rd1 Nd7
15. Ne2 Nb6 16. Nf4 Qd6 17. O-O Rad8 18. Qc1 Nxd5 19. Nxd5 Bxd5 20. c4 Qb6 21.
cxd5 Qxb5 22. Rfe1 Rd7 23. d6 Rfd8 24. Rd5 Rxd6 25. Rxc5 Qa4 26. Rc2 Qd4 27. h3
Kg7 28. Rc4 Qd2 29. Rc2 Qxc1 30. Rexc1 Rd1+ 1/2-1/2

[Event "Olimpiade 2014 - Open"]
[Site "Tromsø"]
[Date "10.08.2014"]
[Round "8.24"]
[Board "3"]
[White "Henriquez Villagra, Cristobal"]
[Black "Zhu, Chen"]
[Result "0-1"]
[WhiteTitle "IM"]
[BlackTitle "GM"]
[WhiteElo "2457"]
[BlackElo "2461"]
[WhiteTeam "Chile"]
[BlackTeam "Qatar"]
[WhiteFideId "3409350"]
[BlackFideId "8600546"]
[EventDate "2014.08.02"]

1. d4 d5 2. c4 c6 3. cxd5 cxd5 4. Nc3 Nf6 5. Bf4 Nc6 6. e3 Bg4 7. Qb3 Na5 8.
Qa4+ Bd7 9. Qc2 Rc8 10. Bd3 e6 11. Nf3 b5 12. a3 Be7 13. O-O a6 14. Ne5 Nh5 15.
Bg3 g6 16. e4 O-O 17. Be2 Nxg3 18. hxg3 Bc6 19. b4 Nc4 20. Nxc6 Rxc6 21. exd5
exd5 22. Bf3 Nb6 23. Qb3 Rc4 24. Rfd1 Bf6 25. Ne2 Qd7 26. Rd3 Rfc8 27. Rad1 Bg5
28. Rc3 h5 29. Rxc4 bxc4 30. Qc2 Qa4 31. Qxa4 Nxa4 32. Bxd5 Re8 33. Bf3 c3 34.
Nf4 Nb2 35. Rc1 Nd3 36. Bc6 Nxc1 37. Bxe8 Bxf4 38. Kf1 c2 0-1

[Event "Olimpiade 2014 - Open"]
[Site "Tromsø"]
[Date "10.08.2014"]
[Round "8.24"]
[Board "4"]
[White "Nezad, Husein Aziz"]
[Black "Valenzuela Fuentealba, Luis"]
[Result "1-0"]
[WhiteTitle "IM"]
[BlackTitle "IM"]
[WhiteElo "2365"]
[BlackElo "2455"]
[WhiteTeam "Qatar"]
[BlackTeam "Chile"]
[WhiteFideId "12100293"]
[BlackFideId "3401294"]
[EventDate "2014.08.02"]

1. d4 Nf6 2. c4 g6 3. Nc3 d5 4. Bg5 Bg7 5. Bxf6 Bxf6 6. cxd5 c5 7. Nf3 cxd4 8.
Nxd4 Qb6 9. Nb3 O-O 10. Qd2 Rd8 11. Rd1 e6 12. e4 Nc6 13. Be2 a5 14. O-O a4 15.
Nc1 a3 16. bxa3 Rxa3 17. Nb5 Ra8 18. Qf4 Be5 19. Qh4 Nb4 20. Qe7 Na6 21. Bc4 Nc5
22. Nd3 Nxd3 23. Rxd3 Bd7 24. Rf3 Bxb5 25. Qxf7+ Kh8 26. Rh3 Bg7 27. Qxg6 h6 28.
Rb3 Qc5 29. Bxb5 Rxa2 30. Rg3 Rg8 31. Bd3 e5 32. d6 Ra3 33. Qe6 Qd4 34. Bc4 Raa8
35. Rh3 Qd2 36. f4 Qd4+ 37. Kh1 Kh7 38. Qf5+ Kh8 39. Bxg8 Kxg8 40. fxe5 Qc4 41.
Rhf3 1-0

[Event "Olimpiade 2014 - Open"]
[Site "Tromsø"]
[Date "10.08.2014"]
[Round "8.25"]
[Board "1"]
[White "Zhang, Zhong"]
[Black "Michiels, Bart"]
[Result "1/2-1/2"]
[WhiteTitle "GM"]
[BlackTitle "GM"]
[WhiteElo "2611"]
[BlackElo "2535"]
[WhiteTeam "Singapore"]
[BlackTeam "Belgium"]
[WhiteFideId "8600694"]
[BlackFideId "202967"]
[EventDate "2014.08.02"]

1. c4 c6 2. d4 d5 3. Nf3 Nf6 4. e3 e6 5. Bd3 Nbd7 6. Nbd2 b6 7. O-O Bb7 8. b3
Bd6 9. Bb2 O-O 10. Qe2 c5 11. Ne5 Ne4 12. cxd5 Nxd2 13. Qxd2 cxd4 14. Nc4 Ne5
15. f4 Nxd3 16. Qxd3 Bc5 17. exd4 Qxd5 18. Ne3 Qd7 19. Qd1 Be7 20. f5 Bg5 21.
Qe2 Bxe3+ 22. Qxe3 exf5 23. Qe5 Be4 24. Rac1 Rac8 25. d5 f6 26. Qe6+ Qxe6 27.
dxe6 Rxc1 28. Rxc1 Re8 29. Ba3 Rxe6 30. Rc8+ Kf7 31. Rc7+ Kg8 32. Rc8+ Kf7 33.
Rc7+ Kg6 34. Bf8 f4 35. Rxg7+ Kf5 36. g4+ fxg3 37. hxg3 Rc6 38. Rxa7 h5 39. Kf2
Rc2+ 40. Ke1 Kg4 41. Bd6 Kf3 42. Bc7 b5 43. Bb8 f5 44. Kd1 Rg2 45. Kc1 Rc2+ 46.
Kd1 Rg2 47. Kc1 b4 48. Kd1 Rg1+ 49. Kd2 Rg2+ 50. Kd1 f4 51. Rf7 Rxa2 52. Bxf4
Bc2+ 53. Kc1 Bxb3 54. Rf5 Rc2+ 55. Kb1 Rh2 56. Bd6+ Ke3 57. Bc5+ Kd3 58. Bxb4 1/2-1/2

[Event "Olimpiade 2014 - Open"]
[Site "Tromsø"]
[Date "10.08.2014"]
[Round "8.25"]
[Board "2"]
[White "Ringoir, Tanguy"]
[Black "Goh, Wei Ming Kevin"]
[Result "1/2-1/2"]
[WhiteTitle "IM"]
[BlackTitle "IM"]
[WhiteElo "2508"]
[BlackElo "2433"]
[WhiteTeam "Belgium"]
[BlackTeam "Singapore"]
[WhiteFideId "208027"]
[BlackFideId "5800706"]
[EventDate "2014.08.02"]

1. d4 Nf6 2. c4 g6 3. f3 d5 4. cxd5 Nxd5 5. e4 Nb6 6. Nc3 Bg7 7. Be3 O-O 8. Qd2
e5 9. d5 c6 10. Rd1 cxd5 11. exd5 N8d7 12. Nh3 Nc4 13. Bxc4 Qh4+ 14. Nf2 Qxc4
15. b3 Qa6 16. a4 f5 17. Nh3 f4 18. Bf2 Nf6 19. Nb5 Bxh3 20. gxh3 e4 21. Bc5
Rfe8 22. O-O e3 23. Qe2 Rad8 24. d6 b6 25. Ba3 Kh8 26. Bb2 Rf8 27. Rd4 Qc8 28.
Rxf4 a6 29. Nc3 Qxh3 30. Qxe3 Rxd6 31. Ne4 Re6 32. Qf2 Qh5 33. Re1 Nd7 34. Qd2
Bxb2 35. Rxf8+ 1/2-1/2

[Event "Olimpiade 2014 - Open"]
[Site "Tromsø"]
[Date "10.08.2014"]
[Round "8.25"]
[Board "3"]
[White "Gong, Qianyun"]
[Black "Docx, Stefan"]
[Result "1-0"]
[WhiteTitle "WIM"]
[BlackTitle "IM"]
[WhiteElo "2328"]
[BlackElo "2491"]
[WhiteTeam "Singapore"]
[BlackTeam "Belgium"]
[WhiteFideId "8602425"]
[BlackFideId "200778"]
[EventDate "2014.08.02"]

1. e4 e5 2. Bc4 Nf6 3. d3 Nc6 4. Nf3 h6 5. c3 d6 6. Nbd2 g6 7. h3 Bg7 8. Bb3 d5
9. Qe2 O-O 10. g4 dxe4 11. dxe4 Nd7 12. Qe3 Qe7 13. g5 h5 14. Nh4 Kh7 15. Nf5
Qe8 16. Nxg7 Kxg7 17. Nf1 Nd8 18. Ng3 Ne6 19. Ne2 Ndc5 20. Bc2 a5 21. f4 exf4
22. Nxf4 Nxf4 23. Qxc5 Ne6 24. Qe5+ Kg8 25. Be3 b6 26. O-O-O Ba6 27. Qf6 Rd8 28.
Bb3 Bd3 29. Bd5 c6 30. Bd4 Nxd4 31. Qxg6+ Kh8 32. Qh6+ Kg8 33. g6 1-0

[Event "Olimpiade 2014 - Open"]
[Site "Tromsø"]
[Date "10.08.2014"]
[Round "8.25"]
[Board "4"]
[White "Vandenbussche, Thibaut"]
[Black "Tin, Jingyao"]
[Result "1-0"]
[WhiteTitle "FM"]
[BlackTitle "FM"]
[WhiteElo "2411"]
[BlackElo "2251"]
[WhiteTeam "Belgium"]
[BlackTeam "Singapore"]
[WhiteFideId "204412"]
[BlackFideId "5804418"]
[EventDate "2014.08.02"]

1. e4 e5 2. Nf3 Nc6 3. Be2 Nf6 4. d3 Bc5 5. O-O d5 6. Nbd2 O-O 7. c3 Bb6 8. b4
a6 9. h3 Nh5 10. exd5 Qxd5 11. c4 Qd8 12. c5 Ba7 13. Ne4 Nxb4 14. Nxe5 Qd4 15.
Rb1 Qxe5 16. Rxb4 Nf4 17. Bb2 Nxe2+ 18. Qxe2 Qe6 19. Nf6+ Kh8 20. Rh4 Qf5 21. g4
Qg6 22. Rxh7+ Qxh7 23. Nxh7 Kxh7 24. Qe5 f6 25. Qe7 Kg8 26. Re1 c6 27. Re3 b6
28. g5 Bf5 29. gxf6 Rf7 30. Qd6 bxc5 31. Qxc6 Rb8 32. Re8+ 1-0

[Event "Olimpiade 2014 - Open"]
[Site "Tromsø"]
[Date "10.08.2014"]
[Round "8.26"]
[Board "4"]
[White "Mihajlov, Sebastian"]
[Black "Glud, Jakob Vang"]
[Result "0-1"]
[WhiteTitle "CM"]
[BlackTitle "IM"]
[WhiteElo "2305"]
[BlackElo "2533"]
[WhiteTeam "Norway 3"]
[BlackTeam "Denmark"]
[WhiteFideId "1512110"]
[BlackFideId "1407767"]
[EventDate "2014.08.02"]

1. d4 Nf6 2. c4 e6 3. Nc3 Bb4 4. e3 O-O 5. Ne2 Re8 6. a3 Bf8 7. Ng3 d5 8. Bd3
Nbd7 9. O-O c5 10. dxc5 Nxc5 11. Be2 a5 12. cxd5 exd5 13. Bf3 Be6 14. Nb5 a4 15.
Nd4 Qb6 16. Bd2 Nce4 17. Bxe4 Nxe4 18. Nxe4 dxe4 19. Bc3 Bc4 20. Re1 Qg6 21. Qd2
Re5 22. Bb4 Rg5 23. g3 b5 24. Bxf8 Rxf8 25. Rad1 Qh6 26. Kg2 Rh5 27. Rh1 Rd5 28.
Rhe1 Rfd8 29. Qa5 Qf6 30. Rd2 g5 31. h3 h5 32. Red1 Kh7 33. Qc7 R8d7 34. Qa5 h4
35. g4 Rxd4 36. Rxd4 Rxd4 37. Rxd4 Qf3+ 38. Kg1 Qxh3 39. Qe1 Qxg4+ 40. Kh2 Qf5
41. Kg2 Qf3+ 42. Kh2 g4 43. Qg1 Qh3# 0-1

[Event "Olimpiade 2014 - Open"]
[Site "Tromsø"]
[Date "10.08.2014"]
[Round "8.27"]
[Board "2"]
[White "Seeman, Tarvo"]
[Black "Gerzhoy, Leonid"]
[Result "1/2-1/2"]
[WhiteTitle "IM"]
[BlackTitle "IM"]
[WhiteElo "2392"]
[BlackElo "2473"]
[WhiteTeam "Estonia"]
[BlackTeam "Canada"]
[WhiteFideId "4500547"]
[BlackFideId "2806126"]
[EventDate "2014.08.02"]

1. Nf3 d5 2. g3 c6 3. Bg2 Bg4 4. c4 e6 5. O-O Nf6 6. d3 Bc5 7. Qb3 Qb6 8. Nc3
Nbd7 9. Qc2 Qd8 10. Qb3 Qb6 11. Qc2 Qd8 12. Qb3 Qb6 1/2-1/2

[Event "Olimpiade 2014 - Open"]
[Site "Tromsø"]
[Date "10.08.2014"]
[Round "8.27"]
[Board "3"]
[White "Sambuev, Bator"]
[Black "Vovk, Ilja"]
[Result "1-0"]
[WhiteTitle "GM"]
[BlackTitle "FM"]
[WhiteElo "2528"]
[BlackElo "2289"]
[WhiteTeam "Canada"]
[BlackTeam "Estonia"]
[WhiteFideId "4128290"]
[BlackFideId "4501764"]
[EventDate "2014.08.02"]

1. d4 Nf6 2. c4 g6 3. Nc3 Bg7 4. e4 O-O 5. Nf3 d6 6. Be2 Bg4 7. Be3 Nfd7 8. O-O
c5 9. d5 Na6 10. Ng5 Bxe2 11. Qxe2 Nc7 12. f4 a6 13. e5 b5 14. b3 e6 15. exd6
Bxc3 16. dxc7 Qxc7 17. dxe6 Bxa1 18. exf7+ Rxf7 19. Nxf7 Bf6 20. Nh6+ Kg7 21.
Ng4 Re8 22. f5 g5 23. Qd2 Qd8 24. Rd1 Ne5 25. Qxd8 Bxd8 26. Nxe5 Rxe5 27. Rd7+
Kf6 28. Bd2 Re8 29. g4 Ke5 30. Kf2 Ke4 31. Bc3 bxc4 32. bxc4 Be7 33. Rd1 Rb8 34.
h3 Bf8 35. Ke2 Re8 36. Rd3 Kf4+ 37. Kf2 1-0